Methodik [sic] penjelidikan physiologis dalam kerdja hutan. (Record no. 89440)

MARC details
000 -LEADER
fixed length control field 01003cam a22002891 4500
001 - CONTROL NUMBER
control field sa 68020474
003 - CONTROL NUMBER IDENTIFIER
control field DLC
005 - DATE AND TIME OF LATEST TRANSACTION
control field 20260227112724.0
008 - FIXED-LENGTH DATA ELEMENTS--GENERAL INFORMATION
fixed length control field 750605s1958 xx 000 0 ind
010 ## - LIBRARY OF CONGRESS CONTROL NUMBER
LC control number sa 68020474
035 ## - SYSTEM CONTROL NUMBER
System control number (OCoLC)1374346
040 ## - CATALOGING SOURCE
Original cataloging agency DLC
Transcribing agency CtY
Modifying agency OCoLC
-- DLC
041 0# - LANGUAGE CODE
Language code of text/sound track or separate title ind
Language code of summary or abstract eng
042 ## - AUTHENTICATION CODE
Authentication code premarc
050 00 - LIBRARY OF CONGRESS CALL NUMBER
Classification number SD387.L3
Item number S26
100 0# - MAIN ENTRY--PERSONAL NAME
Personal name Sanjoto.
245 10 - TITLE STATEMENT
Title Methodik [sic] penjelidikan physiologis dalam kerdja hutan.
Remainder of title Method of physiological study in forest-work.
260 ## - PUBLICATION, DISTRIBUTION, ETC.
Place of publication, distribution, etc. Rogor,
Name of publisher, distributor, etc. Lembaga Pusat Penjelidikan Kehutanan,
Date of publication, distribution, etc. 1958.
300 ## - PHYSICAL DESCRIPTION
Extent 34 p.
Other physical details illus.
Dimensions 24 cm.
410 20 - SERIES STATEMENT/ADDED ENTRY--CORPORATE NAME [OBSOLETE, CAN/MARC], [LOCAL, USA]
Corporate name or jurisdiction name as entry element Lembaga Pusat Penjelidikan Kehutanan.
Title of a work Pengumuman istimewa
Volume number/sequential designation nr. 13
500 ## - GENERAL NOTE
General note In Indonesian ; with summary in English.
504 ## - BIBLIOGRAPHY, ETC. NOTE
Bibliography, etc. note Bibliography: p. 33-34.
650 #0 - SUBJECT ADDED ENTRY--TOPICAL TERM
Topical term or geographic name entry element Forests and forestry
General subdivision Labor productivity.
650 #0 - SUBJECT ADDED ENTRY--TOPICAL TERM
Topical term or geographic name entry element Work
General subdivision Physiological aspects.
650 #0 - SUBJECT ADDED ENTRY--TOPICAL TERM
Topical term or geographic name entry element Forests and forestry
Geographic subdivision Indonesia.
740 0# - ADDED ENTRY--UNCONTROLLED RELATED/ANALYTICAL TITLE
Uncontrolled related/analytical title Method of physiological study in forest-work.

No items available.

Powered by Koha